000
00196 a2200097 4500
001
10284
100
_a
Arlott, J
245
_a
Criecket on trial
260
_a
_b
Heinemann
_c
090
_c
7944
_d
7944
942
_a
NUST-CAE
_c
M
_c
34649
999
_c
245357
_d
245357